[Event "Barcelona Sant Marti op-B 5th"]
[Site "Barcelona"]
[Date "2016.01.14"]
[Round "1"]
[White "Lozano Ruiz, David"]
[Black "Domenech Lopez, Laura"]
[Result "1-0"]
[WhiteElo "1915"]
[BlackElo "1681"]
[PlyCount "65"]
[EventDate "2016.01.14"]
[EventType "swiss"]
[EventRounds "9"]
[EventCountry "ESP"]
[SourceTitle "EXT 2017"]
[Source "ChessBase"]
[SourceDate "2016.10.25"]
[SourceVersion "1"]
[SourceVersionDate "2016.10.25"]
[SourceQuality "1"]

1. d4 Nf6 2. Nf3 d6 3. Bf4 Bg4 4. e3 Bxf3 5. Qxf3 g6 6. Qxb7 Nbd7 7. Qa6 Bg7 8. h3 0-0 9. Be2 c5 10. c3 Qc7 11. 0-0 Rab8 12. Qa3 Nd5 13. Bh2 f6 14. Bc4 N7b6 15. Bxd5+ Nxd5 16. dxc5 Qxc5 17. Qxc5 dxc5 18. Bxb8 Rxb8 19. Rd1 e6 20. Rd2 f5 21. Re2 a5 22. Na3 Nb6 23. Rd1 Na4 24. Nc4 Nxc3 25. bxc3 Bxc3 26. Rc2 Bg7 27. Nxa5 Rb5 28. Nb3 Rb4 29. Rxc5 Rh4 30. Rd7 Bf8 31. Rc8 h5 32. Nd4 e5 33. Ne6 1-0

[Event "Foment Martinenc op-C 17th"]
[Site "Barcelona"]
[Date "2015.05.02"]
[Round "2"]
[White "Domenech Lopez, Laura"]
[Black "Bernat Mor, Juli"]
[Result "0-1"]
[WhiteElo "1728"]
[BlackElo "1697"]
[PlyCount "54"]
[EventDate "2015.04.25"]
[EventType "swiss"]
[EventRounds "9"]
[EventCountry "ESP"]
[SourceTitle "EXT 2017"]
[Source "ChessBase"]
[SourceDate "2016.10.25"]
[SourceVersion "1"]
[SourceVersionDate "2016.10.25"]
[SourceQuality "1"]

1. d4 d5 2. c4 c6 3. Nc3 Nf6 4. Nf3 a6 5. a4 e6 6. e4 Bb4 7. Bd2 Qa5 8. Bd3 Nxe4 9. Nxe4 dxe4 10. Bxe4 0-0 11. Bxb4 Qxb4+ 12. Qd2 Qxd2+ 13. Nxd2 Nd7 14. d5 Nf6 15. Bf3 exd5 16. cxd5 Re8+ 17. Kd1 Nxd5 18. Ne4 Rd8 19. Ke2 b5 20. Nc5 Bf5 21. Nb7 Re8+ 22. Kd2 Re7 23. Nd6 Bg6 24. axb5 Rb8 25. bxc6 Rxb2+ 26. Kc1 Rc2+ 27. Kd1 Nc3# 0-1

[Event "Foment Martinenc op-C 16th"]
[Site "Barcelona"]
[Date "2014.05.24"]
[Round "5"]
[White "Domenech Lopez, Laura"]
[Black "Egea Pascual, Guillem"]
[Result "1-0"]
[WhiteElo "1700"]
[BlackElo "1703"]
[PlyCount "33"]
[EventDate "2014.04.26"]
[EventType "swiss"]
[EventRounds "9"]
[EventCountry "ESP"]
[SourceTitle "EXT 2015"]
[Source "ChessBase"]
[SourceDate "2014.11.20"]
[SourceVersion "1"]
[SourceVersionDate "2014.11.20"]
[SourceQuality "1"]

1. d4 d5 2. c4 dxc4 3. Nc3 e5 4. e3 exd4 5. exd4 Nc6 6. Nf3 Bg4 7. h3 Bxf3 8. Qxf3 Nxd4 9. Qe4+ Be7 10. Bxc4 Nf6 11. Qd3 Bb4 12. 0-0 Bxc3 13. bxc3 Nc6 14. Re1+ Ne7 15. Ba3 Qxd3 16. Bxd3 Nfd5 17. c4 1-0

[Event "Foment Martinenc op-C 16th"]
[Site "Barcelona"]
[Date "2014.05.17"]
[Round "4"]
[White "Domenech Lopez, Laura"]
[Black "Garcia Castany, Jose"]
[Result "0-1"]
[WhiteElo "1700"]
[BlackElo "1704"]
[PlyCount "78"]
[EventDate "2014.04.26"]
[EventType "swiss"]
[EventRounds "9"]
[EventCountry "ESP"]
[SourceTitle "EXT 2015"]
[Source "ChessBase"]
[SourceDate "2014.11.20"]
[SourceVersion "1"]
[SourceVersionDate "2014.11.20"]
[SourceQuality "1"]

1. d4 Nf6 2. c4 e6 3. Nc3 d5 4. e3 c5 5. Nf3 a6 6. Bd3 Nc6 7. 0-0 Qb6 8. Na4 Qa7 9. b3 cxd4 10. exd4 Be7 11. Bb2 0-0 12. c5 Bd8 13. Ng5 b5 14. Qc2 g6 15. Nb6 Bxb6 16. cxb6 Qxb6 17. Qc5 Qxc5 18. dxc5 Nh5 19. a3 e5 20. Bc2 Ng7 21. b4 Bf5 22. Bb3 Rad8 23. a4 Bd3 24. Rfd1 Bc4 25. axb5 axb5 26. Bxc4 dxc4 27. Rd6 Nd4 28. Nf3 Nxf3+ 29. gxf3 Nf5 30. Bxe5 Nxd6 31. Bxd6 Rfe8 32. Ra5 c3 33. Bf4 c2 34. Bc1 Re1+ 35. Kg2 Rxc1 36. c6 Rcd1 37. Rxb5 c1Q 38. Rb8 Rg1+ 39. Kh3 Qh6# 0-1

[Event "Foment Martinenc op-B 15th"]
[Site "Barcelona"]
[Date "2013.06.08"]
[Round "8"]
[White "Bes Alvarez, Alex"]
[Black "Domenech Lopez, Laura"]
[Result "1-0"]
[WhiteElo "1700"]
[BlackElo "1700"]
[PlyCount "67"]
[EventDate "2013.04.20"]
[EventType "swiss"]
[EventRounds "9"]
[EventCountry "ESP"]
[SourceTitle "CBM 154 Extra"]
[Source "ChessBase"]
[SourceDate "2013.06.25"]
[SourceVersion "2"]
[SourceVersionDate "2013.06.25"]
[SourceQuality "1"]

1. e4 e5 2. Nf3 Nf6 3. Nxe5 d6 4. Nc4 Nxe4 5. Qe2 Qe7 6. Ne3 c5 7. Nd5 Qe5 8. Qb5+ Kd8 9. Nc7 Kxc7 10. Qe2 Nc6 11. d3 Nf6 12. Qxe5 Nxe5 13. Nc3 Be6 14. Be2 d5 15. 0-0 Rd8 16. Nb5+ Kb8 17. Bf4 Ne8 18. Bxe5+ Nd6 19. Bxd6+ Bxd6 20. Nxd6 Rxd6 21. b3 d4 22. Rae1 Ra6 23. a4 Ra5 24. h3 b5 25. axb5 Rxb5 26. Bg4 Bd5 27. c4 Rxb3 28. cxd5 Rxd3 29. Rb1+ Kc7 30. Rfe1 Kd6 31. Bf3 Ra8 32. Rb7 a5 33. Rxf7 Rd2 34. Re6# 1-0

[Event "Foment Martinenc op-B 15th"]
[Site "Barcelona"]
[Date "2013.05.25"]
[Round "6"]
[White "Domenech Lopez, Laura"]
[Black "Gil Hidalgo, Abel"]
[Result "0-1"]
[WhiteElo "1700"]
[BlackElo "1700"]
[PlyCount "72"]
[EventDate "2013.04.20"]
[EventType "swiss"]
[EventRounds "9"]
[EventCountry "ESP"]
[SourceTitle "CBM 154 Extra"]
[Source "ChessBase"]
[SourceDate "2013.06.25"]
[SourceVersion "2"]
[SourceVersionDate "2013.06.25"]
[SourceQuality "1"]

1. d4 d5 2. c4 Nf6 3. Nc3 e6 4. Nf3 Nc6 5. Bg5 Be7 6. e3 0-0 7. Bd3 g6 8. 0-0 Bb4 9. cxd5 Bxc3 10. bxc3 exd5 11. Qb3 Qd6 12. c4 b6 13. cxd5 Na5 14. Qb5 a6 15. Qc6 Nxc6 16. dxc6 Qxc6 17. Ne5 Qc3 18. Rfd1 Nd5 19. Bc4 Be6 20. Bb3 f6 21. Bxf6 Rxf6 22. Rdc1 Qb2 23. Nd3 Qa3 24. e4 Bg4 25. f3 Kg7 26. exd5 Bf5 27. Rxc7+ Kh6 28. Nf4 Qd6 29. Ne6 Bxe6 30. dxe6 Qxc7 31. d5 Qc5+ 32. Kf1 Rd8 33. g4 Rxf3+ 34. Kg2 Qf2+ 35. Kh1 Rh3 36. e7 Qxh2# 0-1

[Event "Foment Martinenc op-B 15th"]
[Site "Barcelona"]
[Date "2013.04.20"]
[Round "1"]
[White "Domenech Lopez, Laura"]
[Black "Trullas Tugues, Ivan"]
[Result "0-1"]
[WhiteElo "1700"]
[BlackElo "1585"]
[PlyCount "88"]
[EventDate "2013.04.20"]
[EventType "swiss"]
[EventRounds "9"]
[EventCountry "ESP"]
[SourceTitle "CBM 154 Extra"]
[Source "ChessBase"]
[SourceDate "2013.06.25"]
[SourceVersion "2"]
[SourceVersionDate "2013.06.25"]
[SourceQuality "1"]

1. d4 Nf6 2. c4 e6 3. Nc3 Bb4 4. Bd2 d5 5. e3 0-0 6. Nf3 b6 7. Be2 Bb7 8. Ne5 Nbd7 9. Nd3 Bxc3 10. Bxc3 dxc4 11. Nb4 Bxg2 12. Rg1 Bd5 13. Bf3 Ne4 14. Nxd5 exd5 15. Bxe4 dxe4 16. Qg4 g6 17. Qxe4 Nf6 18. Qh4 Nd5 19. Qh6 Qf6 20. Bd2 Rfe8 21. Rg3 Qxd4 22. Rh3 Qg7 23. Ke2 Qxh6 24. Rxh6 Kg7 25. e4 Rxe4+ 26. Kf3 Rae8 27. Rg1 Rd4 28. Bg5 Rd3+ 29. Kg2 f6 30. Bc1 g5 31. Bxg5 fxg5 32. Rh5 Nf4+ 33. Kh1 Nxh5 34. Rxg5+ Kh6 35. h4 Rh3+ 36. Kg2 Nf4+ 37. Kf1 Rh1+ 38. Rg1 Rxg1+ 39. Kxg1 Kh5 40. Kh2 Rg8 41. b3 Kxh4 42. bxc4 Rg2+ 43. Kh1 Kh3 44. a3 Ne2 0-1